Loading...
| Literature - European | 0 | 8 | 0 | 1 | 80 | 67 | 114.88 | 1 | 2 | 12.00 | 32.34 |
| Fine Arts - Visual | 0 | 7 | 0 | 3 | 70 | 91 | 113.86 | 0 | 1 | 8.81 | 28.79 |
| Literature - World/Other | 0 | 6 | 1 | 0 | 55 | 62 | 119.33 | 0 | 1 | 9.41 | 24.01 |
| Religion | 0 | 6 | 2 | 1 | 50 | 99 | 115.33 | 0 | 3 | 5.51 | 30.93 |
| History - World | 0 | 5 | 0 | 0 | 50 | 45 | 81.40 | 1 | 3 | 15.90 | 26.46 |
| Mythology | 0 | 6 | 3 | 0 | 45 | 27 | 58.00 | 1 | 5 | 30.50 | 37.75 |
| History - Other | 0 | 5 | 1 | 1 | 45 | 77 | 105.20 | 0 | 1 | 6.05 | 17.80 |
| Fine Arts - Classical Music | 0 | 4 | 0 | 0 | 40 | 34 | 110.25 | 1 | 1 | 6.90 | 14.94 |
| Literature - British | 0 | 4 | 0 | 0 | 40 | 77 | 105.75 | 0 | 1 | 7.99 | 15.91 |
| Philosophy | 0 | 4 | 0 | 2 | 40 | 111 | 125.50 | 0 | 0 | 0.89 | 11.51 |
| Geography/Current Events | 0 | 3 | 0 | 1 | 30 | 63 | 91.67 | 1 | 3 | 11.59 | 30.95 |
| Social Science | 0 | 3 | 0 | 2 | 30 | 93 | 107.67 | 0 | 1 | 3.27 | 10.71 |
| Fine Arts - Other | 0 | 3 | 0 | 0 | 30 | 118 | 131.33 | 0 | 1 | 2.40 | 13.64 |
| Literature - American | 0 | 3 | 1 | 0 | 25 | 81 | 101.00 | 0 | 2 | 7.73 | 18.02 |
| History - American | 0 | 3 | 1 | 0 | 25 | 75 | 86.67 | 0 | 2 | 7.79 | 14.52 |
| History - European | 0 | 2 | 1 | 0 | 15 | 63 | 87.00 | 0 | 1 | 5.99 | 13.47 |
| Science - Biology | 0 | 1 | 0 | 0 | 10 | 110 | 110.00 | 0 | 0 | 1.68 | 2.60 |
| Science - Other | 0 | 1 | 0 | 0 | 10 | 90 | 90.00 | 0 | 1 | 2.44 | 6.82 |
| Science - Chemistry | 0 | 1 | 1 | 0 | 5 | 93 | 93.00 | 0 | 0 | 2.27 | 3.41 |